| 000 | 01704cad a22002535a 4500 | ||
|---|---|---|---|
| 001 | L138489 | ||
| 008 | 070613s2007 d f 000 0 eng d | ||
| 020 | _a9789280727951 | ||
| 035 | _a(Sirsi) u138489 | ||
| 041 | 0 | _aeng | |
| 050 | 0 | 4 | _a696.9 $2 18 |
| 110 | 2 |
_aUnited Nations Environment Programme _93690 |
|
| 245 | 0 | 0 |
_aBuildings and climate change _bstatus, challenges and opportunities _h[electronic resource] |
| 260 |
_a[S.l.] _bUNEP _c2007 |
||
| 505 | 2 | _aIntroduction -- Baseline -- Opportunities for energy efficiency in buildings -- Energy efficiency models -- Encouraging energy efficiency -- Buildings and the Kyoto Protocol -- Recommendations | |
| 520 | _aBrings together current information about green house gas emissions from buildings and the technical measures available for their reduction. Considers the use of energy in five phases of the building's life cycle, with particular emphasis given to the most energy-intensive operational phase. Highlights policies and tools applied to different countries to improve energy efficiency and case studies on initiatives to reduce energy use in buildings. Also considers the relevance of some national/international agreements to limit greenhouse gas emissions, such as the Kyoto Protocol. Concludes with recommendations. | ||
| 590 | _aKA | ||
| 650 | 2 | 4 | _aKYOTO PROTOCOL TO THE UNITED NATIONS FRAMEWORK CONVENTION ON CLIMATE CHANGE |
| 651 | 4 | _aInternational | |
| 690 | _aENVIRONMENTAL AND LAND CONSULTANCY-ENERGY-ENERGY USE-ENERGY EFFICIENCY | ||
| 690 | _aBUILT ENVIRONMENT-SUSTAINABLE CONSTRUCTION | ||
| 856 | 4 | 0 |
_uhttps://www.uneptie.org/pc/sbc/publications.htm _zView the report free of charge at www.uneptie.org... |
| 942 | _n0 | ||
| 999 |
_c107178 _d107178 |
||